000
00375nam a22001577a 4500
003
MPLRDC
005
20220104114053.0
008
210129b ||||| |||| 00| 0 eng d
082
_a
830 HMH
100
_a
黄美华主编
245
_a
历代诗文精选
_c
260
_a
_b
满庭芳出版社
_c
1991
300
_b
平
650
_a
中国文学总集
942
_c
BK
_o
830 HMH
999
_c
4579
_d
4569